Kvalita alebo kvantita v prípade malých štátov?
Spôsoby, akými sa malé štáty v podmienkach svetovej politiky a ekonomiky etablujú v chápaní teoretikov a politických elít na domácej a zahraničnej politickej scéne. Autor taktiež poukazuje na významné postavenie fenoménu malého štátu a jeho sociálno-ekonomických a bezpečnostných aspektov fungovania...
Salvato in:
| Autore principale: | |
|---|---|
| Natura: | Capitolo di libro |
| Lingua: | slovacco |
| Soggetti: | |
| Tags: |
Nessun Tag, puoi essere il primo ad aggiungerne!!
|
MARC
| LEADER | 00000nla a2200000 4500 | ||
|---|---|---|---|
| 001 | 0160695 | ||
| 005 | 20240502072805.2 | ||
| 041 | 0 | |a slo | |
| 044 | |a SK | ||
| 245 | 1 | 0 | |a Kvalita alebo kvantita v prípade malých štátov? |c Peter Rusiňák |
| 520 | |a Spôsoby, akými sa malé štáty v podmienkach svetovej politiky a ekonomiky etablujú v chápaní teoretikov a politických elít na domácej a zahraničnej politickej scéne. Autor taktiež poukazuje na významné postavenie fenoménu malého štátu a jeho sociálno-ekonomických a bezpečnostných aspektov fungovania v prostredí Európskej únie operujúcej pod Lisabonskou zmluvou. Vyzdvihuje Teóriu veľkosti štátu v EÚ Baldura Thorhallssona ako základný rámec pre výskum malých štátov v prostredí EÚ v súčasnosti. | ||
| 610 | 2 | 0 | |a Európska únia |
| 610 | 2 | 0 | |a štát |
| 610 | 2 | 0 | |a správanie |
| 610 | 2 | 0 | |a kompetencie |
| 610 | 2 | 0 | |a politika |
| 610 | 2 | 0 | |a politika svetová |
| 100 | 1 | |a Rusiňák, Peter, 1985- | |